Pratiyogita Darpan (Record no. 11832)

MARC details
000 -LEADER
fixed length control field 00397nas a22001697a 4500
003 - CONTROL NUMBER IDENTIFIER
control field OSt
005 - DATE AND TIME OF LATEST TRANSACTION
control field 20230216114746.0
008 - FIXED-LENGTH DATA ELEMENTS--GENERAL INFORMATION
fixed length control field 230214b ||||| |||| 00| 0 eng d
022 ## - INTERNATIONAL STANDARD SERIAL NUMBER
International Standard Serial Number NA
040 ## - CATALOGING SOURCE
Transcribing agency NA
082 ## - DEWEY DECIMAL CLASSIFICATION NUMBER
Classification number 001
245 ## - TITLE STATEMENT
Title Pratiyogita Darpan
Statement of responsibility, etc Jain Rahul
Medium English
260 ## - PUBLICATION, DISTRIBUTION, ETC. (IMPRINT)
Place of publication, distribution, etc Agra
Name of publisher, distributor, etc Upkar Prakashan
310 ## - CURRENT PUBLICATION FREQUENCY
Current publication frequency Monthly
856 ## - ELECTRONIC LOCATION AND ACCESS
Uniform Resource Identifier <a href="https://www.pdgroup.in/">https://www.pdgroup.in/</a>
942 ## - ADDED ENTRY ELEMENTS (KOHA)
Source of classification or shelving scheme Dewey Decimal Classification
Koha item type Periodicals
Serial record 1
Holdings
Withdrawn status Lost status Source of classification or shelving scheme Damaged status Not for loan Home library Current library Shelving location Date acquired Serial Enumeration / Volume No. Total Checkouts Date last seen Bill Date Koha item type Full call number
    Dewey Decimal Classification     PIET NCR College Library PIET NCR College Library Periodical Section 16/02/2023 Vol 17, No 193   16/02/2023 16/02/2023 History Book  
    Dewey Decimal Classification     PIET NCR College Library PIET NCR College Library Periodical Section 16/02/2023 Vol 17, No 197   16/02/2023 16/02/2023 History Book  
    Dewey Decimal Classification     PIET NCR College Library PIET NCR College Library Periodical Section 16/02/2023 Vol 17, No 196   16/02/2023 16/02/2023 History Book  
    Dewey Decimal Classification     PIET NCR College Library PIET NCR College Library Periodical Section 16/02/2023 Vol 17, No 194   16/02/2023 16/02/2023 History Book  
    Dewey Decimal Classification     PIET NCR College Library PIET NCR College Library Periodical Section 17/02/2023 Vol.17, No. 198   20/05/2023 20/05/2023 Periodicals 001
    Dewey Decimal Classification     PIET NCR College Library PIET NCR College Library Periodical Section 27/03/2023 Vol.17, No. 199   20/05/2023   Periodicals 001

Design & Developed by: PIET Central Library
R70 Miles Stone Pattikalyana Samalkha Panipat 132102
mail ID :- [email protected], Phone No:- 0180-2569700 Ex.216